Numero minimo di paesi confinanti tra due paesi - Statistics

Statistiche generali
  • Questo quiz è stato fatto 36 volte
  • Il punteggio medio è 6 su 15
Statistiche sulle risposte
Domanda Risposta % Corretto
Norvegia - Corea del Sud 2
73%
Italia - Ucraina 2
64%
Argentina - Colombia 1
61%
Portogallo - Russia 4
55%
Sudafrica - Egitto 5
55%
Afghanistan - Cina 0
52%
Somalia - Guinea Bissau 6
45%
Grecia - Oman 3
39%
Brasile - Messico 6
30%
Namibia - Tunisia 3
24%
Thailandia - Lussemburgo 5
21%
Iran Danimarca 5
21%
Canada - Cile 9
21%
Lesotho - Singapore 16
9%
Sierra Leone - Malawi 7
6%
Nessun quiz corrispondente trovato
Distribuzione punteggi
Percentuale di utenti per punteggio
Percentile per numero di risposta
I tuoi punteggi nel tempo
Non hai fatto questo quiz